Stephen King Novels per Letter Quiz Stats

 Plays Quiz Updated Sep 14, 2018

Challenge
Share
Tweet
Embed
Score 0/19 Timer 03:00
1 Play Today
Letter First Alphabetically % Correct
CCarrie
92.1%
S'Salem's Lot
86.8%
IInsomnia
80.8%
DThe Dark Half
71.7%
GGerald's Game
63.8%
MMisery
61.4%
TThe Talisman
52.8%
PPet Sematary
45%
UUnder the Dome
43.4%
FFirestarter
42.4%
Letter First Alphabetically % Correct
RRage
38.8%
NNeedful Things
32.7%
BBag of Bones
31.1%
LLisey's Story
28%
#11/22/63
26.9%
WThe Waste Lands
21%
EThe Eyes of the Dragon
18.2%
JJoyland
15%
OThe Outsider
4.3%

You're not logged in!

Compare scores with friends on all Sporcle quizzes.
Join for Free
OR
Log In

You Might Also Like...

Show Comments

Extras

Top Quizzes Today


Score Distribution

Your Account Isn't Verified!

In order to create a playlist on Sporcle, you need to verify the email address you used during registration. Go to your Sporcle Settings to finish the process.

Report this User

Report this user for behavior that violates our Community Guidelines.

Details: